| 000 | 00956nam a2200313 i 4500 | ||
|---|---|---|---|
| 001 | 17230 | ||
| 003 | ES-MaACL | ||
| 005 | 20240221121714.0 | ||
| 007 | t| | ||
| 008 | 010123s2000 sp ||||0| spa j | ||
| 020 | _a84-08-03417-0 | ||
| 040 |
_aM-BN _bspa _cM-BN |
||
| 080 | _a929 Pío XII, Papa | ||
| 080 | _a929 Hitler, Adolf | ||
| 100 | 1 |
_aCornwell, John. _940647 |
|
| 245 | 1 | 3 |
_aEl Papa de Hitler _b: la verdadera historia de Pío XII / _cJohn Cornwell ; traducción de Juan María Madariaga. |
| 250 | _a3ª ed. | ||
| 260 |
_aBarcelona : _bPlaneta, _c[2000] |
||
| 300 |
_a465 p., [8] p. de lám. ; _c23 cm. |
||
| 490 | 1 | _aDocumento | |
| 504 | _aBibliografía. Indice. | ||
| 600 | 0 | 4 |
_aPío _bXII, _cPapa. _992302 |
| 600 | 1 | 4 |
_aHitler, Adolf, _d1889-1945 _963836 |
| 700 | 1 |
_aMadariaga, Juan María. _975288 |
|
| 830 | 0 |
_aDocumento _9177347 |
|
| 852 |
_aES-MaACL _jL-24220 _bR.129382 |
||
| 999 |
_c17230 _d17230 |
||